| 000 | 00540nam a22001817a 4500 | ||
|---|---|---|---|
| 999 |
_c527733 _d527733 |
||
| 003 | NUST | ||
| 005 | 20190806105455.0 | ||
| 008 | 190806b ||||| |||| 00| 0 eng d | ||
| 038 | _aMr. Noman | ||
| 082 | _a658 | ||
| 100 |
_aIrshad, Durdana _919148 |
||
| 245 |
_aORGANIZATIONAL VARIABLES & HR STRUCTURES: _bSTUDYING THE DIFFERENCES BETWEEN THEORY & PRACTICE / _cDURDANA IRSHAD. |
||
| 260 |
_aIslamabad: _bNBS - NUST, _c2014. |
||
| 300 |
_a72 p.: ill,; _c30cm. |
||
| 500 | _aHardcover. | ||
| 650 |
_aMBA Thesis. _917629 |
||
| 942 |
_2ddc _cTHE |
||